[Event "III Open"]
[Site "Crema ITA"]
[Date "2001.09.08"]
[Round "3"]
[White "Ceresoli, Luigi"]
[Black "Miatello, Alberto"]
[Result "1-0"]
[WhiteElo "2176"]
[BlackElo "1845"]
[PlyCount "65"]
[EventDate "2001.09.07"]

1. e4 c5 2. c3 d5 3. exd5 Qxd5 4. d4 e6 5. Nf3 Nf6 6. Bd3 cxd4 7. cxd4 Nc6 8.
Nc3 Qd8 9. O-O Be7 10. Bg5 O-O 11. Rc1 Nb4 12. Bb1 Nbd5 13. Qd3 Nb4 14. Qe2
Nfd5 15. Nxd5 Nxd5 16. Qd3 f5 17. Bxe7 Qxe7 18. Rfe1 Rf6 19. Rc5 Qf7 20. Ne5
Qh5 21. Qc4 Nb6 22. Qb3 Rh6 23. h3 Kf8 24. Rec1 Qe8 25. Ra5 Nd7 26. Qa3+ Kg8
27. Rxa7 Rb8 28. Qd6 Nxe5 29. Qxe5 Bd7 30. Rc7 Rg6 31. Rxd7 Rc8 32. Rc7 Rxc7
33. Qxc7 1-0

[Event "III Open"]
[Site "Crema ITA"]
[Date "2001.09.08"]
[Round "3"]
[White "Festa, Samuele"]
[Black "Volpati, Antonio"]
[Result "1-0"]
[WhiteElo "1642"]
[BlackElo "1419"]
[PlyCount "73"]
[EventDate "2001.09.07"]

1. d4 d5 2. c4 e5 3. dxe5 d4 4. Nf3 Nc6 5. Nbd2 Nge7 6. a3 Ng6 7. Nb3 Ngxe5 8.
Nxe5 Nxe5 9. Qxd4 Qxd4 10. Nxd4 Bd7 11. e3 O-O-O 12. Be2 Bd6 13. O-O f5 14. b4
g5 15. c5 Be7 16. Nf3 Ng6 17. Bb2 Rhg8 18. Bc4 Nh4 19. Nxh4 gxh4 20. Bxg8 Rxg8
21. f3 h5 22. Be5 h3 23. g3 h4 24. Kf2 hxg3+ 25. Bxg3 Bc6 26. Rg1 Ba4 27. Ra2
Bf6 28. Rd2 a6 29. Rd5 Be7 30. Rc1 Bc6 31. Rxf5 Rd8 32. Rf7 Rd2+ 33. Ke1 Rg2
34. Rxe7 Rg1+ 35. Kd2 Rg2+ 36. Kc3 Bxf3 37. Rf1 1-0

[Event "III Open"]
[Site "Crema ITA"]
[Date "2001.09.08"]
[Round "3"]
[White "Giretti Kanev, Jasen"]
[Black "Capata, Ion"]
[Result "1-0"]
[WhiteElo "2178"]
[BlackElo "1948"]
[PlyCount "92"]
[EventDate "2001.09.07"]

1. d4 d5 2. c4 e6 3. e3 Nf6 4. Nf3 Be7 5. Nc3 O-O 6. b3 b6 7. Bb2 Nbd7 8. Bd3
Bb7 9. O-O Ne4 10. Nd2 Nxd2 11. Qxd2 dxc4 12. bxc4 Bb4 13. Qc2 Qh4 14. f3 f5
15. e4 Rf6 16. Ne2 Rh6 17. h3 fxe4 18. Bxe4 Bxe4 19. Qxe4 Rf8 20. Qxh4 Rxh4 21.
Rad1 Re8 22. f4 Rh5 23. Rd3 Ra5 24. a3 Bd6 25. g4 g6 26. Kg2 Nb8 27. Ng3 Ra4
28. Ne4 Rf8 29. d5 exd5 30. Rxd5 Rxc4 31. Nf6+ Kf7 32. Nxh7 Rc2+ 33. Rf2 Rxf2+
34. Kxf2 Rd8 35. Ng5+ Kg8 36. Ne6 Rd7 37. Kf3 c6 38. Rg5 Kf7 39. f5 gxf5 40.
gxf5 Bf8 41. Rg6 Rd3+ 42. Ke2 Rd5 43. Rf6+ Ke7 44. Nxf8 Rb5 45. Ng6+ Kd7 46.
Rf7+ Kc8 1-0

[Event "III Open"]
[Site "Crema ITA"]
[Date "2001.09.08"]
[Round "3"]
[White "Gualazzi, Paolo"]
[Black "Acunzo, Domenico"]
[Result "1/2-1/2"]
[WhiteElo "1564"]
[BlackElo "1773"]
[PlyCount "89"]
[EventDate "2001.09.07"]

1. e4 e6 2. d3 d5 3. Nc3 d4 4. Nce2 c5 5. g3 Nc6 6. Bg2 g6 7. f4 f5 8. Nh3 h6
9. a4 a5 10. b3 Nf6 11. Nf2 Bg7 12. Ba3 Qb6 13. Ng1 O-O 14. Qe2 Re8 15. Nf3 e5
16. fxe5 Nxe5 17. Nxe5 Rxe5 18. O-O Nd5 19. Nd1 fxe4 20. Bxe4 Nf6 21. Nf2 Bf5
22. Rae1 Nxe4 23. Nxe4 Bxe4 24. dxe4 Rae8 25. Qc4+ Kh7 26. Rf4 Qc6 27. Qd3 b6
28. h4 Qe6 29. Qf3 Rf5 30. Bc1 Rxf4 31. gxf4 Rf8 32. Qg3 Bf6 33. Re2 Qe7 34.
Qh3 Bxh4 35. Rh2 g5 36. fxg5 hxg5 37. Qg2 Rg8 38. Qg4 Rg6 39. Kh1 Qf6 40. Qf5
Kg7 41. Qh3 Qe6 42. Qg2 Qe5 43. Rh3 Rh6 44. Qg4 Qf6 45. Qg2 1/2-1/2

[Event "III Open"]
[Site "Crema ITA"]
[Date "2001.09.08"]
[Round "3"]
[White "Malfagia, Andrea"]
[Black "Cortese, Davide"]
[Result "1-0"]
[WhiteElo "2259"]
[BlackElo "1527"]
[PlyCount "41"]
[EventDate "2001.09.07"]

1. e4 c5 2. Nf3 e6 3. d4 cxd4 4. Nxd4 a6 5. Bd3 Qc7 6. O-O Nf6 7. c4 Nc6 8.
Nxc6 bxc6 9. Qe2 Bd6 10. Kh1 O-O 11. Nc3 Bb7 12. Bg5 Ne8 13. f4 Bc5 14. e5 d6
15. Bxh7+ Kxh7 16. Qh5+ Kg8 17. Bf6 Nxf6 18. exf6 Bd4 19. Ne4 c5 20. Ng5 Be4
21. f5 1-0

[Event "III Open"]
[Site "Crema ITA"]
[Date "2001.09.08"]
[Round "3"]
[White "Montani, Francesco"]
[Black "Drei, Andrea"]
[Result "1/2-1/2"]
[WhiteElo "2167"]
[BlackElo "2269"]
[PlyCount "107"]
[EventDate "2001.09.07"]

1. e4 c5 2. Nf3 Nc6 3. Bb5 g6 4. O-O Bg7 5. Nc3 e5 6. Bxc6 dxc6 7. d3 Qe7 8.
Be3 Nh6 9. Na4 b6 10. h3 f6 11. a3 Be6 12. b4 cxb4 13. axb4 O-O 14. Rb1 Nf7 15.
Nd2 f5 16. f3 Bf6 17. Nc3 Bg5 18. Bf2 Rfd8 19. Qe2 f4 20. Rfd1 Bh4 21. Bxh4
Qxh4 22. b5 Qe7 23. Kh2 Rac8 24. Nc4 cxb5 25. Rxb5 Bxc4 26. dxc4 Rxd1 27. Nxd1
Nd6 28. Rd5 Nxc4 29. Qd3 Rc7 30. Nf2 Ne3 31. Rd8+ Kg7 32. Ng4 Nxg4+ 33. fxg4 f3
34. gxf3 Rxc2+ 35. Kg3 Rc7 36. h4 Qf7 37. g5 Qf4+ 38. Kg2 Rf7 39. Rd7 h6 40.
Rxf7+ Qxf7 41. Qd6 hxg5 42. hxg5 Qe8 43. Qc7+ Kg8 44. Qxa7 b5 45. Qc5 Qb8 46.
Qd5+ Kg7 47. Qd7+ Kf8 48. Qc6 Qe8 49. Qd6+ Qe7 50. Qxg6 b4 51. Qh6+ Kg8 52.
Qg6+ Kf8 53. Qh6+ Kg8 54. Qg6+ 1/2-1/2

[Event "III Open"]
[Site "Crema ITA"]
[Date "2001.09.08"]
[Round "3"]
[White "Mussap, Angelo"]
[Black "Leoni, Fabrizio"]
[Result "1/2-1/2"]
[WhiteElo "1825"]
[BlackElo "2097"]
[PlyCount "147"]
[EventDate "2001.09.07"]

1. e4 c6 2. d4 d5 3. e5 Bf5 4. Ne2 e6 5. Ng3 Bg6 6. Bd3 c5 7. c3 cxd4 8. Bb5+
Nc6 9. Qxd4 Qd7 10. Qa4 Bc5 11. O-O Nge7 12. Nd2 O-O 13. Nb3 Bb6 14. Qh4 Bd8
15. Bxc6 Nxc6 16. Qf4 Bc7 17. Qe3 Nxe5 18. Qg5 f6 19. Qe3 Qc6 20. Nd4 Bb6 21.
Nxc6 Bxe3 22. Ne7+ Kf7 23. Bxe3 Kxe7 24. Bc5+ Kd7 25. Bxf8 Rxf8 26. Rfd1 Kc7
27. Ne2 Nc4 28. b3 Nb6 29. Nd4 Bf7 30. f4 e5 31. fxe5 fxe5 32. Nf3 Re8 33. Re1
Nd7 34. h3 Kc6 35. Rad1 a5 36. Rd2 b6 37. Rde2 Kd6 38. Kf2 Nc5 39. Rd1 Bg6 40.
Re3 Ne4+ 41. Ke1 Kc5 42. Nd2 Nd6 43. Nf3 Ne4 44. Nh4 d4 45. cxd4+ exd4 46. Re2
Ng3 47. Rxe8 Bxe8 48. Rd2 Ne4 49. Re2 Bc6 50. Rc2+ Nc3 51. Nf3 Be4 52. Rc1 Kd5
53. a4 Kc5 54. Kd2 Kd5 55. Nxd4 Kxd4 56. Rxc3 Bxg2 57. Rg3 Bf1 58. Rxg7 Bxh3
59. Rxh7 Be6 60. Rh4+ Kc5 61. Kc3 Bd5 62. Rg4 Be6 63. Rg5+ Bd5 64. Rh5 Kc6 65.
b4 axb4+ 66. Kxb4 Bf3 67. Rf5 Bg4 68. Rg5 Bf3 69. Rg7 Be2 70. Ra7 Bf1 71. Ra8
Be2 72. Ra7 Bg4 73. Kc3 Kc5 74. Ra8 1/2-1/2

[Event "III Open"]
[Site "Crema ITA"]
[Date "2001.09.08"]
[Round "3"]
[White "Pagnoncelli, Marco"]
[Black "Petrini, Roberto"]
[Result "1/2-1/2"]
[WhiteElo "2064"]
[BlackElo "1828"]
[PlyCount "60"]
[EventDate "2001.09.07"]

1. e4 e5 2. Nc3 Nc6 3. g3 Nf6 4. Bg2 Bc5 5. Nge2 d6 6. d3 Bg4 7. h3 Be6 8. O-O
a6 9. Kh2 O-O 10. f4 Nd4 11. Nxd4 Bxd4 12. Ne2 Bc5 13. c3 c6 14. d4 exd4 15.
cxd4 Ba7 16. Qc2 Re8 17. f5 Bd7 18. Bg5 Ng4+ 19. hxg4 Qxg5 20. Bf3 Rac8 21.
Rae1 c5 22. d5 Bb5 23. Kg2 Bxe2 24. Qxe2 c4 25. Rh1 c3 26. Rh5 Qd2 27. bxc3
Qxe2+ 28. Rxe2 Rxc3 29. Rh1 f6 30. Rb1 b5 1/2-1/2

[Event "III Open"]
[Site "Crema ITA"]
[Date "2001.09.08"]
[Round "3"]
[White "Poletti, Fausto"]
[Black "Marchesotti, Giovanni"]
[Result "1-0"]
[WhiteElo "1797"]
[BlackElo "1564"]
[PlyCount "51"]
[EventDate "2001.09.07"]

1. Nf3 c5 2. c4 Nc6 3. Nc3 g6 4. g3 Bg7 5. Bg2 Nf6 6. O-O O-O 7. d3 d6 8. Rb1
a6 9. a3 e6 10. b4 cxb4 11. axb4 Nd7 12. Bd2 Nce5 13. Ne1 Rb8 14. b5 a5 15. Nc2
Nb6 16. Ne3 Qc7 17. Qb3 Ned7 18. Qa3 Na8 19. Ne4 Rd8 20. Bxa5 b6 21. Bc3 Bxc3
22. Qxc3 Bb7 23. Rfc1 d5 24. cxd5 exd5 25. Qxc7 Nxc7 26. Nd6 1-0

[Event "III Open"]
[Site "Crema ITA"]
[Date "2001.09.08"]
[Round "3"]
[White "Prati, Alessandro"]
[Black "Valsecchi, Luca"]
[Result "1-0"]
[WhiteElo "1648"]
[BlackElo "1449"]
[PlyCount "87"]
[EventDate "2001.09.07"]

1. e4 e6 2. d4 d5 3. Nd2 c5 4. c3 cxd4 5. cxd4 dxe4 6. Nxe4 Bb4+ 7. Nc3 Nc6 8.
Nf3 Nf6 9. a3 Ba5 10. Bg5 h6 11. Bh4 g5 12. Bg3 Ne4 13. Rc1 Nxg3 14. hxg3 a6
15. b4 Bb6 16. d5 exd5 17. Qxd5 Be6 18. Qxd8+ Rxd8 19. Nxg5 Ke7 20. Nxe6 fxe6
21. Na4 Ba7 22. Bxa6 Nxb4 23. axb4 bxa6 24. Nc5 Rc8 25. Ke2 a5 26. Na6 Bb6 27.
bxa5 Bxa5 28. Nc5 Bb6 29. Ne4 Bd4 30. Rxc8 Rxc8 31. Rxh6 Rf8 32. Rh7+ Kd8 33.
f3 Rg8 34. g4 Bg7 35. g5 Be5 36. g3 Rg7 37. Rxg7 Bxg7 38. f4 Ke7 39. Kf3 Bd4
40. g4 Kf7 41. f5 exf5 42. gxf5 Be5 43. Kg4 Kg7 44. Kh5 1-0

[Event "III Open"]
[Site "Crema ITA"]
[Date "2001.09.08"]
[Round "3"]
[White "Righini, Giovanni"]
[Black "Saccani, Ettore"]
[Result "1/2-1/2"]
[WhiteElo "1761"]
[BlackElo "1540"]
[PlyCount "56"]
[EventDate "2001.09.07"]

1. e4 e6 2. d4 d5 3. e5 b6 4. c3 Qd7 5. Bd3 Ba6 6. Bxa6 Nxa6 7. Qe2 Qc8 8. Nf3
Ne7 9. O-O c5 10. a3 c4 11. Qc2 Nc7 12. Bd2 Nf5 13. g4 Ne7 14. a4 Ng6 15. Na3
a6 16. b4 Qd7 17. a5 b5 18. Kg2 Be7 19. Bg5 O-O-O 20. Qd2 h6 21. Bxe7 Qxe7 22.
Rh1 Nh4+ 23. Nxh4 Qxh4 24. Qf4 h5 25. h3 Rdf8 26. Qg3 Qxg3+ 27. Kxg3 Rh6 28. g5
Rhh8 1/2-1/2

[Event "III Open"]
[Site "Crema ITA"]
[Date "2001.09.08"]
[Round "3"]
[White "Rodella, Tommaso"]
[Black "Poretti, Ennio"]
[Result "0-1"]
[WhiteElo "1500"]
[BlackElo "1671"]
[PlyCount "48"]
[EventDate "2001.09.07"]

1. d4 Nf6 2. c4 e5 3. Bg5 Bb4+ 4. Nc3 Qe7 5. Bxf6 Qxf6 6. e3 O-O 7. a3 exd4 8.
axb4 dxc3 9. b3 c2 10. Qd4 Qe7 11. Bd3 Qxb4+ 12. Ke2 Qe7 13. Bxc2 Nc6 14. Qd3
g6 15. Nf3 Nb4 16. Qc3 Nxc2 17. Qxc2 d6 18. h3 Qf6 19. g4 b6 20. Qe4 Bd7 21.
Qb7 Rfc8 22. Rxa7 Rxa7 23. Qxa7 Bc6 24. Qa1 Qxf3+ 0-1

[Event "III Open"]
[Site "Crema ITA"]
[Date "2001.09.08"]
[Round "3"]
[White "Santandrea, Marco"]
[Black "Sartorio, Diego"]
[Result "0-1"]
[WhiteElo "1555"]
[BlackElo "1721"]
[PlyCount "52"]
[EventDate "2001.09.07"]

1. e4 d6 2. d4 Nf6 3. Nc3 c6 4. Nf3 Bg4 5. h3 Bh5 6. Be3 Qa5 7. Qd2 e5 8. Be2
b5 9. dxe5 dxe5 10. Nxe5 b4 11. Bxh5 Qxe5 12. Rd1 Be7 13. Bxf7+ Kxf7 14. Ne2
Nxe4 15. Bd4 Nxd2 16. Bxe5 Nc4 17. O-O Nxe5 18. f4 Nc4 19. Rf3 Na6 20. b3 Nb6
21. Kh1 Rhd8 22. Rdf1 Rd2 23. Ng3 Rad8 24. Ne4 Rd1 25. Ng5+ Bxg5 26. fxg5+ Kg8
0-1

[Event "III Open"]
[Site "Crema ITA"]
[Date "2001.09.08"]
[Round "3"]
[White "Tencati, Giuseppe"]
[Black "Pinotti, Claudio"]
[Result "1-0"]
[WhiteElo "2099"]
[BlackElo "1810"]
[PlyCount "84"]
[EventDate "2001.09.07"]

1. d4 d6 2. c4 Nf6 3. Nc3 Nbd7 4. e4 e5 5. d5 c6 6. Nf3 Be7 7. Be2 Nc5 8. Nd2
a5 9. b3 Qc7 10. Bb2 Bd7 11. a3 Qb6 12. O-O O-O 13. Rb1 cxd5 14. cxd5 Rfb8 15.
Bc4 Bg4 16. Qc2 Bh5 17. Bc1 Bg6 18. b4 axb4 19. axb4 Na6 20. Qb3 Rc8 21. Bd3
Qd4 22. Ne2 Qa7 23. Ng3 h5 24. Nf3 Nc7 25. Be3 Qa3 26. Nd2 Qxb3 27. Rxb3 h4 28.
Ne2 Kf8 29. f3 Ke8 30. Nc4 Nd7 31. Na5 Rcb8 32. Nc3 f6 33. Bf2 Nc5 34. bxc5
Rxa5 35. c6 b5 36. Rfb1 b4 37. Rxb4 Rxb4 38. Rxb4 Ra1+ 39. Rb1 Rxb1+ 40. Nxb1
Nxd5 41. exd5 Bxd3 42. Nc3 Bd8 1-0

[Event "III Open"]
[Site "Crema ITA"]
[Date "2001.09.08"]
[Round "3"]
[White "Vecchia, Mario"]
[Black "Bonade', Massimo"]
[Result "1/2-1/2"]
[WhiteElo "1707"]
[BlackElo "1798"]
[PlyCount "52"]
[EventDate "2001.09.07"]

1. e4 c5 2. Nf3 d6 3. d4 cxd4 4. Nxd4 Nf6 5. Nc3 a6 6. Bg5 e6 7. f4 Be7 8. Qf3
Qc7 9. O-O-O Nc6 10. f5 Nxd4 11. Rxd4 b5 12. fxe6 fxe6 13. e5 Bb7 14. exd6 Bxd6
15. Qh3 Qe7 16. Ne4 O-O-O 17. Nxd6+ Rxd6 18. Rxd6 Qxd6 19. Bd3 Qd5 20. Bxf6
gxf6 21. Re1 Qg5+ 22. Kb1 Bd5 23. Rxe6 Bxe6 24. Qxe6+ Kc7 25. Qe7+ Kc8 26. Qe6+
Kc7 1/2-1/2

[Event "III Open"]
[Site "Crema ITA"]
[Date "2001.09.08"]
[Round "4"]
[White "Acunzo, Domenico"]
[Black "Righini, Giovanni"]
[Result "1-0"]
[WhiteElo "1773"]
[BlackElo "1761"]
[PlyCount "49"]
[EventDate "2001.09.07"]

1. e4 e6 2. d4 d5 3. Nc3 Nf6 4. Bg5 Be7 5. e5 Ng8 6. h4 Bxg5 7. hxg5 Qxg5 8.
Nh3 Qe7 9. Qg4 g6 10. Bd3 Nc6 11. Nf4 h5 12. Nxh5 gxh5 13. Qg7 Rh6 14. Qxg8+
Qf8 15. Qxf8+ Kxf8 16. Ne2 Nb4 17. Kd2 Nxd3 18. Kxd3 b6 19. Rh4 Ba6+ 20. Ke3
Bxe2 21. Kxe2 Kg7 22. Rah1 Rah8 23. R4h3 Kg6 24. Rg3+ Kf5 25. Ke3 1-0

[Event "III Open"]
[Site "Crema ITA"]
[Date "2001.09.08"]
[Round "4"]
[White "Bellani, Alessandro"]
[Black "Ausmins, Elmar"]
[Result "0-1"]
[WhiteElo "1684"]
[BlackElo "2345"]
[PlyCount "46"]
[EventDate "2001.09.07"]

1. d4 Nf6 2. e3 d5 3. Bd3 c5 4. f4 Nc6 5. Nf3 Bg4 6. Nbd2 cxd4 7. exd4 Nxd4 8.
O-O Qb6 9. Kh1 e6 10. Qe1 Nxf3 11. gxf3 Bh3 12. Rg1 Bc5 13. Rxg7 Nh5 14. Qh4
Nxg7 15. Qxh3 O-O-O 16. Nb3 Be3 17. a4 Bxc1 18. Rxc1 Qe3 19. f5 Nxf5 20. Bxf5
exf5 21. Qxf5+ Kb8 22. Rd1 Rhg8 23. Na5 Qe2 0-1

[Event "III Open"]
[Site "Crema ITA"]
[Date "2001.09.08"]
[Round "4"]
[White "Bonade', Massimo"]
[Black "Gualazzi, Paolo"]
[Result "1-0"]
[WhiteElo "1798"]
[BlackElo "1564"]
[PlyCount "117"]
[EventDate "2001.09.07"]

1. d4 Nf6 2. c4 g6 3. Nc3 Bg7 4. e4 d6 5. f3 O-O 6. Be3 e5 7. d5 Nbd7 8. Qd2 b6
9. h4 Nh5 10. Nge2 a5 11. g4 Nhf6 12. h5 Ba6 13. Ng3 Qe7 14. Bh6 Rac8 15. Bxg7
Kxg7 16. hxg6 fxg6 17. Qh6+ Kg8 18. Be2 Rf7 19. Kd2 Nc5 20. Rag1 Rg7 21. b3 Rf8
22. Nd1 Bc8 23. Ne3 Rff7 24. Bf1 Kf8 25. Qh2 Ng8 26. Qe2 Na6 27. Kc3 Nb4 28. a3
Na6 29. Rh2 Qf6 30. Rf2 Qf4 31. Qd2 Bd7 32. Ne2 Qg5 33. Bg2 Nc5 34. Rgf1 Nf6
35. Kc2 Kg8 36. Nc3 Qf4 37. b4 axb4 38. axb4 Na6 39. Kb3 Bc8 40. Ra1 Rf8 41.
Bf1 Bb7 42. c5 Ra8 43. c6 Bc8 44. Bxa6 Rxa6 45. Rxa6 Bxa6 46. b5 Bc8 47. Qe1
Qg5 48. Ra2 Rf7 49. Ra8 Rf8 50. Nc4 Qf4 51. Qh1 Kg7 52. Na4 Ng8 53. Kc2 Qg3 54.
Nd2 Ne7 55. Ra7 Bxg4 56. fxg4 Rf2 57. Qd1 Qf4 58. Nc3 Nxd5 59. exd5 1-0

[Event "III Open"]
[Site "Crema ITA"]
[Date "2001.09.08"]
[Round "4"]
[White "Bonazzi, Edoardo"]
[Black "Casartelli, Fabio"]
[Result "1-0"]
[WhiteElo "2108"]
[BlackElo "1675"]
[PlyCount "69"]
[EventDate "2001.09.07"]

1. c4 Nf6 2. g3 g6 3. Bg2 Bg7 4. Nc3 O-O 5. Nf3 d6 6. O-O c6 7. d4 Nbd7 8. e4
e5 9. h3 exd4 10. Nxd4 Ne5 11. b3 Ne8 12. Be3 a5 13. Qc2 Nd7 14. Rad1 Nc5 15.
Nxc6 bxc6 16. Bxc5 Qe7 17. Ba3 Qe5 18. Na4 Ra7 19. Bb2 Qh5 20. Bxg7 Kxg7 21.
Qc3+ Kg8 22. h4 Re7 23. Bf3 Bg4 24. Kg2 Rxe4 25. Bxe4 Bxd1 26. Bxc6 Nc7 27. f3
g5 28. hxg5 Ne6 29. Rxd1 Nxg5 30. Rh1 Qg6 31. Nb6 f5 32. Bd5+ Ne6 33. Re1 Re8
34. Rxe6 Rxe6 35. Qe3 1-0

[Event "III Open"]
[Site "Crema ITA"]
[Date "2001.09.08"]
[Round "4"]
[White "Capata, Ion"]
[Black "Festa, Samuele"]
[Result "1-0"]
[WhiteElo "1948"]
[BlackElo "1642"]
[PlyCount "99"]
[EventDate "2001.09.07"]

1. e4 c6 2. d4 d5 3. exd5 cxd5 4. Nf3 Nf6 5. Bd3 Nc6 6. O-O Bg4 7. c3 Qc7 8.
Re1 e6 9. h3 Bh5 10. Bg5 Be7 11. Nbd2 O-O 12. Qc2 Bg6 13. Bxg6 hxg6 14. Rac1 b5
15. Ne5 Rac8 16. Qd3 a6 17. Nxc6 Qxc6 18. Nf3 Qb7 19. Bxf6 Bxf6 20. Ne5 Bxe5
21. Rxe5 Rc7 22. h4 b4 23. h5 gxh5 24. Rxh5 f5 25. Re1 bxc3 26. bxc3 Qc8 27.
Rh3 Rf6 28. Qf3 a5 29. Rb1 Rh6 30. Rxh6 gxh6 31. Rc1 Kh7 32. Qe3 a4 33. g3 a3
34. Kg2 Rc6 35. Rh1 Qf8 36. Rb1 Qc8 37. Rb3 Ra6 38. Qe5 Qd7 39. Rb8 Qg7 40. Qe2
Rc6 41. Rb3 Qc7 42. Qe1 Ra6 43. Qc1 Qa7 44. Qb1 Kg6 45. Rb7 Qa8 46. Qb5 Ra5 47.
Qd7 Kg5 48. Rb6 Kh5 49. Rxe6 Ra7 50. Qxd5 1-0

[Event "III Open"]
[Site "Crema ITA"]
[Date "2001.09.08"]
[Round "4"]
[White "Cortese, Davide"]
[Black "Folcini, Gaddo"]
[Result "1-0"]
[WhiteElo "1527"]
[BlackElo "1365"]
[PlyCount "35"]
[EventDate "2001.09.07"]

1. d4 Nc6 2. c4 e6 3. Nf3 Be7 4. Nc3 b6 5. Bf4 g5 6. Bg3 g4 7. Ne5 Nxe5 8. Bxe5
Nf6 9. e4 h5 10. Bd3 Bb7 11. Qe2 d6 12. Bf4 d5 13. cxd5 exd5 14. e5 Nh7 15. e6
f6 16. Bg6+ Kf8 17. Bh6+ Kg8 18. Bf7# 1-0

[Event "III Open"]
[Site "Crema ITA"]
[Date "2001.09.08"]
[Round "4"]
[White "Drei, Andrea"]
[Black "Mussap, Angelo"]
[Result "1-0"]
[WhiteElo "2269"]
[BlackElo "1825"]
[PlyCount "137"]
[EventDate "2001.09.07"]

1. e4 c5 2. Nf3 d6 3. d4 cxd4 4. Nxd4 Nf6 5. Nc3 g6 6. Be3 Bg7 7. f3 a6 8. Qd2
h5 9. O-O-O Nc6 10. h4 Nxd4 11. Bxd4 Bh6 12. Be3 Bxe3 13. Qxe3 Qc7 14. Qd4 Be6
15. Bd3 Rc8 16. Kb1 Qc5 17. Ne2 Qxd4 18. Nxd4 Bc4 19. b3 Bxd3 20. Rxd3 O-O 21.
c4 Rc5 22. Kb2 Rfc8 23. Re1 Kf8 24. Re2 Nd7 25. Nc2 Ne5 26. Rdd2 Nd7 27. Ne3
Nb6 28. Nc2 Nd7 29. Nb4 a5 30. Nd3 R5c6 31. e5 dxe5 32. Nxe5 Nxe5 33. Rxe5 b6
34. Rd7 e6 35. Rb5 Rb8 36. c5 Rxc5 37. Rxc5 bxc5 38. Rc7 a4 39. Rxc5 axb3 40.
axb3 Rb4 41. Rc4 Rb7 42. Kc3 Ke7 43. b4 Kd6 44. Rc5 f5 45. Kc4 e5 46. b5 e4 47.
fxe4 fxe4 48. Rd5+ Ke6 49. Rg5 Rd7 50. Rxg6+ Ke5 51. Rg8 Rc7+ 52. Kb4 Rc2 53.
b6 Rb2+ 54. Kc5 e3 55. Re8+ Kf4 56. Kc6 Rc2+ 57. Kd7 Rd2+ 58. Kc7 Rc2+ 59. Kb8
Rxg2 60. b7 Rb2 61. Kc7 e2 62. Rxe2 Rxe2 63. b8=Q Kg4 64. Qg8+ Kh3 65. Qb3+ Kg2
66. Qd5+ Kh2 67. Qxh5 Rc2+ 68. Kd6 Rd2+ 69. Ke5 1-0

[Event "III Open"]
[Site "Crema ITA"]
[Date "2001.09.08"]
[Round "4"]
[White "Giretti Kanev, Jasen"]
[Black "Bison, Beniamino"]
[Result "0-1"]
[WhiteElo "2178"]
[BlackElo "1932"]
[PlyCount "112"]
[EventDate "2001.09.07"]

1. Nf3 Nf6 2. b3 g6 3. Bb2 Bg7 4. e4 d6 5. d3 O-O 6. Nc3 e5 7. Be2 c5 8. h4 Nc6
9. Qd2 d5 10. Nxd5 Nxd5 11. exd5 Qxd5 12. h5 Re8 13. O-O-O b5 14. Rde1 a5 15.
hxg6 hxg6 16. Bd1 a4 17. c4 bxc4 18. dxc4 Qxd2+ 19. Nxd2 Nb4 20. Re3 a3 21. Ba1
Bf5 22. Ne4 Bxe4 23. Rxe4 Nd3+ 24. Kc2 Nxf2 25. Rhe1 Nxe4 26. Rxe4 f5 27. Re1
e4 28. Bxg7 Kxg7 29. Kc3 Rab8 30. Bc2 Kf6 31. Rd1 Red8 32. Rh1 Rd4 33. g3 Rbd8
34. Rh2 Kg5 35. Rh7 R4d7 36. Rh2 Kg4 37. Rh6 Rd6 38. b4 cxb4+ 39. Kxb4 e3 40.
Rh7 Re6 41. Rh1 e2 42. Re1 Kxg3 43. c5 Kf2 44. Bb3 Kxe1 45. Bxe6 Kd2 46. c6
e1=Q 47. c7 Re8 48. Bd7 Rh8 49. Kc5 f4 50. Kd6 f3 51. Bh3 Qg3+ 52. Ke7 Qxc7+
53. Kf6 Rf8+ 54. Kg5 Qf4+ 55. Kxg6 Rg8+ 56. Kh7 Qf7+ 0-1

[Event "III Open"]
[Site "Crema ITA"]
[Date "2001.09.08"]
[Round "4"]
[White "Leoni, Fabrizio"]
[Black "Prati, Alessandro"]
[Result "1-0"]
[WhiteElo "2097"]
[BlackElo "1648"]
[PlyCount "67"]
[EventDate "2001.09.07"]

1. d4 Nf6 2. Nf3 g6 3. g3 Bg7 4. Bg2 O-O 5. O-O d6 6. c4 c6 7. Nc3 Nbd7 8. Qb3
c5 9. d5 Rb8 10. e4 a6 11. a4 Ng4 12. Qc2 Nge5 13. Nxe5 Nxe5 14. Qe2 Bg4 15. f3
Bc8 16. Be3 Nd7 17. f4 Nf6 18. h3 b6 19. Rfd1 Qc7 20. Qd3 Bd7 21. Rac1 Rfc8 22.
g4 b5 23. cxb5 axb5 24. Nxb5 Bxb5 25. axb5 c4 26. Qd2 Rxb5 27. Rc2 Rxb2 28.
Rxb2 c3 29. Rc2 Qa5 30. Qf2 Qb4 31. Bd4 Nxe4 32. Bxe4 Bxd4 33. Rxd4 Qb1+ 34.
Kh2 1-0

[Event "III Open"]
[Site "Crema ITA"]
[Date "2001.09.08"]
[Round "4"]
[White "Manzoni, Alessandro"]
[Black "Ceresoli, Luigi"]
[Result "0-1"]
[WhiteElo "2053"]
[BlackElo "2176"]
[PlyCount "68"]
[EventDate "2001.09.07"]

1. e4 e5 2. Nf3 Nc6 3. Bc4 Nf6 4. d3 Bc5 5. Be3 Bb6 6. O-O d6 7. a3 O-O 8. Nc3
h6 9. h3 Be6 10. Bxe6 fxe6 11. Na4 Bd4 12. Bxd4 exd4 13. b4 b5 14. Nb2 e5 15.
Kh2 Qe8 16. Nh4 Ne7 17. c4 g5 18. Nf5 Nxf5 19. exf5 a6 20. a4 Kg7 21. Rc1 Rc8
22. c5 Nd5 23. cxd6 cxd6 24. Rxc8 Qxc8 25. Qd2 Nf4 26. f3 Qc3 27. Qxc3 dxc3 28.
Nd1 Rc8 29. Ne3 Nxd3 30. Nc2 d5 31. Rd1 Nf4 32. g3 d4 33. h4 d3 34. hxg5 hxg5
0-1

[Event "III Open"]
[Site "Crema ITA"]
[Date "2001.09.08"]
[Round "4"]
[White "Masotti, Roberto"]
[Black "Vecchia, Mario"]
[Result "1-0"]
[WhiteElo "1639"]
[BlackElo "1707"]
[PlyCount "41"]
[EventDate "2001.09.07"]

1. Nf3 Nf6 2. c4 g6 3. Nc3 c5 4. e4 Nc6 5. d4 cxd4 6. Nxd4 d6 7. Be2 Bg7 8. Be3
O-O 9. O-O Bd7 10. f3 Ne8 11. Qd2 Nc7 12. Nc2 f5 13. Rad1 Ne6 14. Kh1 f4 15.
Bf2 Ne5 16. Nd5 g5 17. Nd4 Nxd4 18. Bxd4 b6 19. g3 Bh3 20. Rg1 fxg3 21. Rxg3
1-0

[Event "III Open"]
[Site "Crema ITA"]
[Date "2001.09.08"]
[Round "4"]
[White "Miatello, Alberto"]
[Black "Libutti, Michele"]
[Result "1-0"]
[WhiteElo "1845"]
[BlackElo "1618"]
[PlyCount "79"]
[EventDate "2001.09.07"]

1. e4 c6 2. d4 d5 3. e5 Bf5 4. Nf3 e6 5. c4 dxc4 6. Bxc4 Ne7 7. Nc3 Nd5 8. O-O
Nd7 9. Qe2 N7b6 10. Bb3 Rc8 11. Ne4 Bxe4 12. Qxe4 c5 13. dxc5 Rxc5 14. Bd2 Be7
15. Rac1 Rxc1 16. Rxc1 O-O 17. Bc2 g6 18. h4 Nd7 19. Bh6 Re8 20. h5 Bf8 21. Bg5
Be7 22. Bxe7 Qxe7 23. hxg6 hxg6 24. Ba4 Rd8 25. Qg4 Kg7 26. g3 Rh8 27. Bb3 N7b6
28. a4 a5 29. Qd4 Qd7 30. Rc5 Rc8 31. Rxa5 Qc7 32. Rb5 Qc1+ 33. Kg2 Rh8 34. Ng1
Qh6 35. a5 Qh2+ 36. Kf1 Nd7 37. Bxd5 exd5 38. Rxd5 Nf8 39. e6+ f6 40. Rd7+ 1-0

[Event "III Open"]
[Site "Crema ITA"]
[Date "2001.09.08"]
[Round "4"]
[White "Montani, Francesco"]
[Black "Pagnoncelli, Marco"]
[Result "1-0"]
[WhiteElo "2167"]
[BlackElo "2064"]
[PlyCount "77"]
[EventDate "2001.09.07"]

1. d4 Nf6 2. Bg5 g6 3. Nd2 Bg7 4. e4 d6 5. Ngf3 O-O 6. h3 c5 7. dxc5 dxc5 8.
Bc4 Nc6 9. c3 h6 10. Bf4 Nd7 11. O-O Nde5 12. Nxe5 Nxe5 13. Be2 b6 14. Qc2 e6
15. a4 Bb7 16. a5 g5 17. Be3 Bc6 18. Nc4 Nxc4 19. Bxc4 e5 20. Rfd1 Qc7 21. f3
Rad8 22. Qf2 Rxd1+ 23. Rxd1 Rd8 24. Ra1 Rb8 25. Kh2 Bf6 26. Rd1 Rd8 27. Rc1 Be7
28. axb6 axb6 29. b4 Be8 30. Bd5 Kg7 31. Rb1 Rc8 32. c4 Bd6 33. bxc5 bxc5 34.
Rb7 Qa5 35. h4 Kg6 36. hxg5 hxg5 37. Bxg5 Rc7 38. Qg3 Rxb7 39. Bd2+ 1-0

[Event "III Open"]
[Site "Crema ITA"]
[Date "2001.09.08"]
[Round "4"]
[White "Petrini, Roberto"]
[Black "Tencati, Giuseppe"]
[Result "1/2-1/2"]
[WhiteElo "1828"]
[BlackElo "2099"]
[PlyCount "37"]
[EventDate "2001.09.07"]

1. e4 e6 2. d4 d5 3. exd5 exd5 4. c4 Nf6 5. Nc3 Be7 6. Bd3 O-O 7. Nge2 c6 8.
O-O dxc4 9. Bxc4 Bf5 10. Bf4 Qb6 11. Qb3 Nbd7 12. Rfe1 Qxb3 13. Bxb3 Bb4 14. a3
Ba5 15. Ng3 Bg6 16. Re7 Rfe8 17. Rae1 Rxe7 18. Rxe7 Re8 19. Rxe8+ 1/2-1/2